Postmodernidad y comunidad: el regreso de la vinculación social
Guardat en:
| Autor principal: | |
|---|---|
| Format: | Llibre |
| Idioma: | espanyol |
| Publicat: |
Madrid
Trotta
1996
|
| Edició: | 2a. ed |
| Col·lecció: | Colección Estructuras y Procesos. Serie Derecho
|
| Matèries: | |
| Etiquetes: |
Afegir etiqueta
Sense etiquetes, Sigues el primer a etiquetar aquest registre!
|
MARC
| LEADER | 00000nam a2200000 a 4500 | ||
|---|---|---|---|
| 001 | UCN3543 | ||
| 003 | CL-VaPUC | ||
| 008 | 010629e19960000SP |||||||||||||||||spa|d | ||
| 082 | 0 | 4 | |a 323 |b BAR |2 21 |
| 100 | 0 | |a Barcellona, Pietro |e author |9 460112 | |
| 245 | 1 | 0 | |a Postmodernidad y comunidad: el regreso de la vinculación social |
| 250 | |a 2a. ed | ||
| 300 | |a 141 p | ||
| 942 | |c BK | ||
| 945 | |d 20010629 00:00:00 |a cmena | ||
| 260 | |a Madrid |b Trotta |c 1996 | ||
| 650 | 7 | |a ESTADO Y COMUNIDAD |2 CL-VaPUC |9 460113 | |
| 650 | 0 | |a Cambio social |9 256857 | |
| 650 | 0 | |a Derechos humanos |9 223025 | |
| 650 | 0 | |a Democracia |9 255256 | |
| 583 | |a last modification |c 20010629 00:00:00 |k Rodrigo Vera | ||
| 490 | 0 | |a Colección Estructuras y Procesos. Serie Derecho | |
| 999 | |c 296388 |d 296386 | ||
| 952 | |0 0 |1 0 |4 0 |6 323_000000000000000_BAR_1996 |7 0 |8 A |9 350133 |a BIBTEO |b BIBTEO |d 2019-11-20 |i 3715876 |o 323 BAR 1996 |p 3715876 |r 2025-01-17 |w 2019-11-20 |y BK |k ICR | ||